Haig, chivo expiatorio
में बचाया:
| मुख्य लेखक: | |
|---|---|
| स्वरूप: | मूलपाठ |
| प्रकाशित: |
México D.F:
CONACYT. UNAM. PEMEX
|
| टैग: |
टैग जोड़ें
कोई टैग नहीं, इस रिकॉर्ड को टैग करने वाले पहले व्यक्ति बनें!
|
MARC
| LEADER | 00000 a a2200000 04500 | ||
|---|---|---|---|
| 001 | 24859 | ||
| 003 | |||
| 040 | |||
| 090 | |a 178700 | ||
| 100 | |a Saxe Fernández, John | ||
| 245 | |a Haig, chivo expiatorio | ||
| 260 | |a México D.F: |b CONACYT. UNAM. PEMEX | ||
| 300 | |a 4 p. | ||
| 999 | |c 11520 |d 11520 | ||
